LIBRARY ONLINE CATALOGUE

Kenya : (Record no. 15062)

MARC details
000 -LEADER
fixed length control field 00666nam a22002052 4500
001 - CONTROL NUMBER
control field 0000008815
005 - DATE AND TIME OF LATEST TRANSACTION
control field 20151217161139.0
008 - FIXED-LENGTH DATA ELEMENTS--GENERAL INFORMATION
fixed length control field 080609s xx 000 0 eng d
020 ## - INTERNATIONAL STANDARD BOOK NUMBER
International Standard Book Number 1841620661 :
Terms of availability KES 2465
040 ## - CATALOGING SOURCE
Original cataloging agency KABU
Transcribing agency KABU
100 1# - MAIN ENTRY--PERSONAL NAME
Personal name Foottit, Claire.
-- 0000159572
245 10 - TITLE STATEMENT
Title Kenya :
Remainder of title the Bradt travel guide /
Statement of responsibility, etc. Claire Foottit.
260 ## - PUBLICATION, DISTRIBUTION, ETC. (IMPRINT)
Place of publication, distribution, etc. Chalfont St Peter, England :
Name of publisher, distributor, etc. Bradtb Travel Guides,
Date of publication, distribution, etc. 2004.
300 ## - PHYSICAL DESCRIPTION
Extent xiv, 482 p.
650 #0 - SUBJECT ADDED ENTRY--TOPICAL TERM
Topical term or geographic name as entry element Kenya
General subdivision Guidebooks.
-- 0000159573
852 1# - LOCATION
-- p2370 KES
908 ## - PUT COMMAND PARAMETER (RLIN)
Put command parameter 080609
950 ## - LOCAL HOLDINGS (RLIN)
-- 1
Holdings
Withdrawn status Lost status Source of classification or shelving scheme Not for loan Home library Current library Date acquired Total Checkouts Full call number Barcode Date last seen Price effective from Koha item type
    Library of Congress Classification Not For Loan Kabarak, Main Campus Kabarak, Main Campus 17/12/2015   DT433.52 .F66 c. 1 012203 17/12/2015 17/12/2015 Reference
    Library of Congress Classification Not For Loan Kabarak, Main Campus Kabarak, Main Campus 17/12/2015   DT433.52 .F66 c. 2 17179 17/12/2015 17/12/2015 Reference